Kultura Mangyan/ (Record no. 9012)

MARC details
000 -LEADER
fixed length control field 00579nam a22001817a 4500
003 - CONTROL NUMBER IDENTIFIER
control field OSt
005 - DATE AND TIME OF LATEST TRANSACTION
control field 20260312041142.0
008 - FIXED-LENGTH DATA ELEMENTS--GENERAL INFORMATION
fixed length control field 260312b |||||||| |||| 00| 0 eng d
020 ## - INTERNATIONAL STANDARD BOOK NUMBER
International Standard Book Number 57-12919
040 ## - CATALOGING SOURCE
Original cataloging agency DWC-Main lib.
Transcribing agency OC
082 ## - DEWEY DECIMAL CLASSIFICATION NUMBER
Classification number Fil. 306.4 K96 2005
100 ## - MAIN ENTRY--PERSONAL NAME
Personal name Antoon Postman
245 ## - TITLE STATEMENT
Title Kultura Mangyan/
Statement of responsibility, etc. Postman, Antoon
260 ## - PUBLICATION, DISTRIBUTION, ETC.
Place of publication, distribution, etc. Calapan City. Philippines :
Name of publisher, distributor, etc. Mangyan Heritage Center,
Date of publication, distribution, etc. c2005.
300 ## - PHYSICAL DESCRIPTION
Extent 4 volumes :
Other physical details various paging :
Dimensions 1 talasalitaan
650 ## - SUBJECT ADDED ENTRY--TOPICAL TERM
Topical term or geographic name entry element 1. Mangyans-Philippines-culture and traditions.
942 ## - ADDED ENTRY ELEMENTS (KOHA)
Source of classification or shelving scheme Dewey Decimal Classification
Koha item type Book-Filipiniana
Classification part Fil.
Suppress in OPAC No
952 ## - LOCATION AND ITEM INFORMATION (KOHA)
--
952 ## - LOCATION AND ITEM INFORMATION (KOHA)
--
Holdings
Withdrawn status Lost status Source of classification or shelving scheme Damaged status Not for loan Home library Current library Shelving location Date acquired Source of acquisition Total Checkouts Full call number Barcode Date last seen Copy number Price effective from Koha item type Uniform Resource Identifier
    Dewey Decimal Classification     College Library College Library Filipiniana 03/01/2006 Donation   Fil. 306.4 K96 2005 CL42868 03/12/2026 c1 03/12/2026 BK - FIL
    Dewey Decimal Classification     College Library College Library Filipiniana 03/01/2006 Donation   Fil. 306.4 K96 2005 CL42870 03/12/2026 c2 03/12/2026 BK - FIL